秋田県の市町村(1960年) - Statistics

General Stats
  • This quiz has been taken 45 times
  • The average score is 56 of 72
Answer Stats
No. 市町村 備考 % Correct
1 秋田市
100%
3 横手市
97%
4 大館市
97%
6 男鹿市
97%
53 仙北郡 田沢湖町 2005年消滅
97%
2 能代市
93%
7 湯沢市
93%
8 大曲市 2005年消滅
93%
31 南秋田郡 八郎潟町
93%
50 仙北郡 角館町 2005年消滅
93%
5 本荘市 2005年消滅
90%
21 北秋田郡 上小阿仁村
90%
70 雄勝郡 羽後町
90%
71 雄勝郡 東成瀬村
90%
14 北秋田郡 鷹巣町 2005年消滅
86%
17 北秋田郡 阿仁町 2005年消滅
86%
27 山本郡 藤里村 1963年昇格
86%
29 南秋田郡 五城目町
86%
34 南秋田郡 井川村 1974年昇格
86%
38 由利郡 仁賀保町 2005年消滅
86%
41 由利郡 矢島町 2005年消滅
86%
9 鹿角郡 花輪町 1972年消滅
83%
11 鹿角郡 小坂町
83%
39 由利郡 金浦町 2005年消滅
83%
40 由利郡 象潟町 2005年消滅
83%
46 由利郡 由利村 1960年昇格
83%
45 由利郡 東由利村 1974年昇格
79%
69 雄勝郡 雄勝町 2005年消滅
79%
15 北秋田郡 比内町 2005年消滅
76%
24 山本郡 八森町 2006年消滅
76%
26 山本郡 山本村 1962年昇格
76%
28 山本郡 峰浜村 2006年消滅
76%
44 由利郡 鳥海村 1980年昇格
76%
56 仙北郡 仙北村 1974年昇格
76%
61 平鹿郡 増田町 2005年消滅
76%
63 平鹿郡 雄物川町 2005年消滅
76%
65 平鹿郡 十文字町 2005年消滅
76%
16 北秋田郡 森吉町 2005年消滅
72%
19 北秋田郡 田代町 2005年消滅
72%
20 北秋田郡 合川町 2005年消滅
72%
23 山本郡 二ツ井町 2006年消滅
72%
25 山本郡 八竜村 1965年昇格
72%
30 南秋田郡 昭和町 2005年消滅
72%
32 南秋田郡 飯田川町 2005年消滅
72%
33 南秋田郡 天王町 2005年消滅
72%
36 河辺郡 河辺町 2005年消滅
72%
37 河辺郡 雄和村 1972年昇格
72%
42 由利郡 岩城町 2005年消滅
72%
43 由利郡 西目村 1975年昇格
72%
47 由利郡 大内村 1970年昇格
72%
48 仙北郡 神岡町 2005年消滅
72%
49 仙北郡 西仙北町 2005年消滅
72%
51 仙北郡 六郷町 2004年消滅
72%
52 仙北郡 中仙町 2005年消滅
72%
54 仙北郡 協和村 1969年昇格
72%
57 仙北郡 西木村 2005年消滅
72%
59 仙北郡 千畑村 1986年昇格
72%
60 仙北郡 仙南村 2004年消滅
72%
62 平鹿郡 平鹿町 2005年消滅
72%
64 平鹿郡 大森町 2005年消滅
72%
66 平鹿郡 山内村 2005年消滅
72%
68 雄勝郡 稲庭川連町 1966年改称
72%
72 雄勝郡 皆瀬村 2005年消滅
72%
10 鹿角郡 十和田町 1972年消滅
69%
12 鹿角郡 尾去沢町 1972年消滅
69%
13 鹿角郡 八幡平村 1972年消滅
69%
22 山本郡 琴丘町 2006年消滅
69%
55 仙北郡 南外村 2005年消滅
69%
58 仙北郡 太田村 1969年昇格
69%
67 平鹿郡 大雄村 2005年消滅
69%
18 北秋田郡 花矢町 1967年消滅
59%
35 南秋田郡 琴浜村 1970年昇格
55%
No matching quizzes found
Score Distribution
Percent of People with Each Score
Percentile by Number Answered
Your Score History
You have not taken this quiz